Nová Baňa

Zobrazenie: Pohľad v bielom orámovaní na ulicu s dvomi automobilmi. Vpravo v pozadí vidno Trojičný stĺp. Vľavo je rad budov, vpravo vidno ďalší rad budov

Bibliographic Details
Format: Postcard
Language:Slovak
PhysicalDescription:1 pohľadnica čiernobiela 10 x 14 cm
Published: Nová Baňa J. Kevan, knihkupectvo [1936?]
Subjects:

MARC

LEADER 00000nkm a2200000 a 4500
001 vtls011909309
003 SK-MaSNL
005 20260512125431.0
007 kp bo
008 240703q1936 xo g kuslo
015 |a SNBG1936 
035 |a urn:nbn:sk:snk-km00eanp 
035 |a urn:nbn:sk:snk-km43gii 
035 |a 87809624-3DA3-4261-A078-7BF4F7E9B2D2 
040 |a SNK  |b slo  |c SNK  |e AACR2 
041 0 |a slo 
043 |a e-xo--- 
044 |a xo  |c SK 
072 7 |a 913  |x Regionálna geografia  |2 konspekt 
080 |a 913(437.6)  |2 2011 
080 |a 711.73  |2 2011 
080 |a (084.121)  |2 2011 
080 |a 725.942  |2 2011 
245 0 0 |a Nová Baňa  |h grafika 
260 |a Nová Baňa  |b J. Kevan, knihkupectvo  |c [1936?]  |e [Prešov]  |f Lichtig 
300 |a 1 pohľadnica  |b čiernobiela  |c 10 x 14 cm 
520 8 |a Zobrazenie: Pohľad v bielom orámovaní na ulicu s dvomi automobilmi. Vpravo v pozadí vidno Trojičný stĺp. Vľavo je rad budov, vpravo vidno ďalší rad budov 
650 0 7 |a ulice  |2 SNKPH  |9 2938 
650 0 7 |a morové stĺpy  |2 SNKPH  |9 99210 
651 7 |a Nová Baňa (Slovensko)  |2 SNKPHgeo  |9 31692 
655 7 |a miestne pohľadnice  |2 SNKPH  |9 70510 
852 |a Slovenská národná knižnica 
958 |a EUIPO 
958 |a GBN 
958 |a GC 
958 |a OND 
999 |c 1036635  |d 1038565 
952 |a SNK  |b SNK  |y PREZ  |7 0  |p 17A1382113  |o snkSP 132183  |z Pohľadnica prešla poštou.  |0 0  |1 0  |4 0  |d 2020-01-07  |f 1  |l 0  |r 2026-02-24 14:11:43  |w 2026-02-24